ბათუმის შოთა რუსთაველის სახელმწიფო უნივერსიტეტის ბიბლიოთეკა

განწყობის ფსიქოლოგია : (ბიბ.ჩანაწერი № 37851)

000 -ლიდერი
ფიქსირებული სიგრძის საკონტროლო ველი 01150nam a2200229Ia 4500
001 - საკონტროლო ნომერი
საკონტროლო ველი 3829
003 - საკონტროლო ნომრის იდენტიფიკატორი
საკონტროლო ველი GE_BSU
005 - ბოლო ოპერაციის თარიღი და დრო
საკონტროლო ველი 20190816164118.0
008 - ფიქსირებული სიგრძის მონაცემთა ელემენტები - ზოგადი ინფორმაცია
ფიქსირებული სიგრძის საკონტროლო ველი 181216s1985||||ge |||||||||||||| ||geo||
040 ## - კატალოგიზაციის წყარო
Transcribing agency GE_BSU
041 ## - ენის კოდი
Language code of text/sound track or separate title geo
080 ## - უნივერსალური ათობითი კლასიფიკაციის ინდექსი
Universal Decimal Classification number 159.923 ნ–16
100 ## - მთავარი ჩანაწერი - პიროვნების სახელი
Personal name ნადირაშვილი, შ.
9 (RLIN) 2767
245 ## - ცნობა სათაურის შესახებ
Title განწყობის ფსიქოლოგია :
Remainder of title სოციალური განწყობა: ნაწ. 2 /
Statement of responsibility, etc შოთა ნადირაშვილი; რედ. ალ. ფრანგიშვილი; საქ. სსრ. მეცნ. აკად. ფილოსოფიის ინ–ტი.
264 ## - წარმოების, გამოცემის, დისტრიბუციის და სხვა ცნობები
გამოცემის, წარმოების, დისტრიბუციის... ადგილი თბ. :
გამოცემის, წარმოების, დისტრიბუციის... სახელწოდება მეცნიერება,
გამოცემის, წარმოების, დისტრიბუციის... თარიღი 1985.
300 ## - ფიზიკური აღწერა
Extent 302 გვ.
Other physical details 21 სმ.
653 ## - INDEX TERM--UNCONTROLLED
Uncontrolled term განწყობის ფსიქოლოგია
653 ## - INDEX TERM--UNCONTROLLED
Uncontrolled term სოციალური განწყობა
700 ## - ADDED ENTRY--PERSONAL NAME
Personal name ფრანგიშვილი, ალ.
Relator term რედაქტორი
9 (RLIN) 3630
710 ## - ADDED ENTRY--CORPORATE NAME
Corporate name or jurisdiction name as entry element საქ. სსრ. მეცნ. აკად. ფილოსოფიის ინ–ტი
9 (RLIN) 3662
942 ## - ADDED ENTRY ELEMENTS (KOHA)
Koha item type წიგნი
Source of classification or shelving scheme
ეგზემპლარები
ჩამოწერის სტატუსი დაკარგული ეგზემპლარის სტატუსი კლასიფიკაციის წყარო ან თაროზე გაწყობის სქემა დაზიანების სტატუსი არ გაიცემა მუდმივი მდებარეობა (დაცვის ადგილი) ამჟამინდელი ადგილსამყოფელი თაროზე განთავსების ადგილი შეძენის თარიღი ღირებულება, შესყიდვის ნორმალური ფასი სრული შენახვის შიფრი შტრიხკოდი ბოლო ოპერაციის თარიღი ეგზემპლარის მიმდევრობითი ნომერი (კეტერი?) ფასის ძალაში შესვლის თარიღი ეგზემპლარის სახეობა საჯარო შენიშვნა
          ბათუმის შოთა რუსთაველის სახელმწიფო უნივერსიტეტის მთავარი ბიბლიოთეკა ბათუმის შოთა რუსთაველის სახელმწიფო უნივერსიტეტის მთავარი ბიბლიოთეკა წიგნსაცავი 2018-12-17 1.00 159.923 ნ–16 5447 2018-12-17 5447 2018-12-17 წიგნი 1 ლ.